[Event "Ch Poland (juniors) (under 16)"]
[Site "masterchessopen.com Krynica (Poland)"]
[Round "0"]
[White "Dudzinski Pawel (POL)"]
[Black "Maka Michal (POL)"]
[Result "0-1"]
[WhiteElo "2306"]
[BlackElo "2036"]

1.e4 c5 2.Nc3 Nc6 3.g3 g6 4.Bg2 Bg7 5.d3 d6 6.Be3 Nd4 7.Qd2 Qa5 8.f4 Rb8 9.Nf3
Bg4 10.Bxd4 cxd4 11.Ne2 Qb6 12.c4 e5 13.O-O Ne7 14.h3 Bd7 15.g4 f5 16.exf5
gxf5 17.fxe5 dxe5 18.Qg5 Qg6 19.Qxg6+ hxg6 20.Nh2 Bh6 21.Bf3 Be3+ 22.Kg2 Bc6
23.b3 e4 {#R} 0-1

[Event "Ch Baden-Wuerttemberg (juniors) (under 17)"]
[Site "masterchessopen.com Lindau (Germany)"]
[Round "0"]
[White "Laustetter Christian (GER)"]
[Black "Reuss Andreas (GER)"]
[Result "0-1"]
[WhiteElo "2025"]
[BlackElo "2170"]

1.e4 c5 2.Nc3 Nc6 3.g3 g6 4.Bg2 Bg7 5.d3 d6 6.Be3 Nf6 7.h3 O-O 8.Nge2 Bd7
9.O-O Qc8 10.Kh2 Ne5 11.Qd2 Bxh3 12.Bxh3 Nf3+ 13.Kg2 Nxd2 14.Bxc8 Nxf1 15.Rxf1
Raxc8 16.Nf4 e6 17.Nb5 Rfd8 18.Nh3 a6 19.Nc3 d5 20.Bg5 h6 21.Bf4 dxe4 22.dxe4
Ng4 23.Kf3 Nh2+ {#R} 0-1

[Event "It (open)"]
[Site "masterchessopen.com Passau (Germany)"]
[Round "7"]
[White "Bartsch Berthold (GER)"]
[Black "Kuczynski Robert (POL)"]
[Result "0-1"]
[WhiteElo "2300"]
[BlackElo "2470"]

1.e4 c5 2.Nc3 d6 3.g3 Nc6 4.Bg2 g6 5.d3 Bg7 6.Be3 Rb8 7.Qd2 b5 8.f4 b4 9.Nd1
e6 10.Nf3 Nd4 11.O-O Ne7 12.h4 O-O 13.h5 gxh5 14.Kf2 f5 15.e5 Nxf3 16.Bxf3 h4
17.gxh4 Nd5 18.Bxd5 exd5 19.d4 dxe5 20.fxe5 Qxh4+ 21.Kg1 Rb6 {#R} 0-1

[Event "It (open)"]
[Site "masterchessopen.com St. Lo (France)"]
[Round "0"]
[White "Dupre-Guegan Mickael (FRA)"]
[Black "Videki Sandor (HUN)"]
[Result "0-1"]
[WhiteElo "2106"]
[BlackElo "2420"]

1.e4 c5 2.Nc3 Nc6 3.g3 g6 4.Bg2 Bg7 5.d3 d6 6.Be3 e5 7.Qd2 Nge7 8.f4 Nd4 9.Nd1
b6 10.c3 Ndc6 11.c4 O-O 12.h4 exf4 13.Bxf4 Ne5 14.Nf2 N7c6 15.Ne2 Rb8 16.Bh6
Bxh6 17.Qxh6 Bg4 18.h5 g5 19.Bh3 Bxh3 20.Nxh3 f6 21.O-O Ng4 {#R} 0-1

[Event "It (cat.2)"]
[Site "masterchessopen.com Budapest (Hungary)"]
[Round "3"]
[White "Parkanyi Attila (HUN)"]
[Black "Kjetzae Johnny (GER)"]
[Result "1-0"]
[WhiteElo "2313"]
[BlackElo "2106"]

1.e4 c5 2.Nc3 Nc6 3.g3 g6 4.Bg2 Bg7 5.d3 d6 6.Be3 e6 7.Qd2 h5 8.h3 Qa5 9.Nf3
Nd4 10.O-O Ne7 11.a3 Nxf3+ 12.Bxf3 Nc6 13.Bg2 Nd4 14.Rac1 Rb8 15.f4 b5 16.Rce1
Qc7 17.f5 gxf5 18.exf5 Be5 19.fxe6 Bxe6 20.Be4 c4 21.Kh1 cxd3 22.cxd3 Kd7 {#r}
1-0

[Event "It (matches)"]
[Site "masterchessopen.com Cannes (France)"]
[Round "1"]
[White "Coimbra Margarida (POR)"]
[Black "Lukov Valentin (BUL)"]
[Result "0-1"]
[WhiteElo "2066"]
[BlackElo "2458"]

1.e4 c5 2.Nc3 Nc6 3.g3 g6 4.Bg2 Bg7 5.d3 d6 6.Be3 Rb8 7.Nge2 Nd4 8.O-O e6
9.Qd2 Ne7 10.f4 O-O 11.Nd1 b6 12.Nc1 f5 13.c3 Ndc6 14.Ne2 Ba6 15.Nf2 d5 16.Nh3
dxe4 {#R} 0-1

[Event "It (open)"]
[Site "masterchessopen.com Catalunia (Spain)"]
[Round "0"]
[White "Prats Rodriquez Juan (ESP)"]
[Black "Vera Pons Felipe (ESP)"]
[Result "1-0"]
[WhiteElo "2093"]
[BlackElo "2246"]

1.e4 c5 2.Nc3 Nc6 3.g3 g6 4.Bg2 Bg7 5.d3 d6 6.Be3 Rb8 7.Qd2 b5 8.f4 b4 9.Nd1
e6 10.Nf3 Nge7 11.O-O f5 12.c3 bxc3 13.bxc3 Qb6 14.Rc1 fxe4 15.dxe4 Na5 16.Qc2
Ba6 17.Re1 h6 18.Nd2 O-O 19.Rb1 Qc7 20.Nf2 Nc4 21.Nxc4 Bxc4 22.Qa4 d5 23.Bh3
Rb6 24.Rxb6 {#r} 1-0

[Event "It (open)"]
[Site "masterchessopen.com Hamburg (Germany)"]
[Round "2"]
[White "Schmidt Stefan (GER)"]
[Black "Richter Goetz (GER)"]
[Result "0-1"]
[WhiteElo "2218"]
[BlackElo "2099"]

1.e4 c5 2.Nc3 Nc6 3.g3 g6 4.Bg2 Bg7 5.d3 d6 6.Be3 Qa5 7.Qd2 Nd4 8.Nh3 Bxh3
9.Bxd4 cxd4 10.Nd5 Qxd2+ 11.Kxd2 Bxg2 12.Rhg1 Bf3 13.Nc7+ Kd7 14.Nxa8 Nf6
15.h3 h5 16.c3 Bh6+ 17.Kc2 dxc3 18.bxc3 Rxa8 {#R} 0-1

[Event "Ch Hungary (team) 1999/00 (2 liga)"]
[Site "masterchessopen.com Hungary"]
[Round "4"]
[White "Vasvari Tamas (HUN)"]
[Black "Czegledi Laszlo (HUN)"]
[Result "1-0"]
[WhiteElo "2246"]
[BlackElo "2290"]

1.e4 c5 2.Nc3 d6 3.g3 g6 4.Bg2 Bg7 5.d3 Nc6 6.Be3 Nf6 7.Qc1 Ng4 8.Bd2 f5 9.h3
Nf6 10.Bh6 Bxh6 11.Qxh6 Qa5 12.Ne2 Bd7 13.O-O O-O-O 14.a3 Rdg8 15.Qe3 e5 16.b4
cxb4 17.axb4 Qxb4 18.Rfb1 Qc5 19.Qg5 fxe4 20.Rb5 {#r} 1-0

[Event "It (open) (b)"]
[Site "masterchessopen.com Koszalin (Poland)"]
[Round "1"]
[White "Cappon John (FRA)"]
[Black "Dimitrov Vladimir (BUL)"]
[Result "0-1"]
[WhiteElo "2176"]
[BlackElo "2464"]

1.e4 c5 2.Nc3 Nc6 3.g3 g6 4.Bg2 Bg7 5.d3 d6 6.Be3 Rb8 7.Qd2 b5 8.f4 b4 9.Nd1
Qb6 10.Ne2 e6 11.O-O Nge7 12.Rb1 O-O 13.h3 f5 14.g4 Nd4 15.Nf2 Qa6 16.Bxd4
cxd4 17.c3 bxc3 18.bxc3 Rxb1 19.Rxb1 dxc3 20.Nxc3 Qa5 21.Rb3 Nc6 22.exf5 Nd4
{#R} 0-1

[Event "It (open) (b)"]
[Site "masterchessopen.com Koszalin (Poland)"]
[Round "5"]
[White "Moskalik Andrzej (POL)"]
[Black "Cmilyte Viktorija (LTU)"]
[Result "0-1"]
[WhiteElo "2206"]
[BlackElo "2354"]

1.e4 c5 2.Nc3 Nc6 3.g3 g6 4.Bg2 Bg7 5.d3 d6 6.Be3 Bd7 7.Qd2 Rc8 8.f4 e6 9.Nd1
Nge7 10.c3 b5 11.Ne2 b4 12.O-O O-O 13.g4 f5 14.h3 Qb6 15.Ng3 a5 16.Kh2 a4
17.Rc1 Qa5 18.d4 bxc3 19.bxc3 cxd4 20.Bg1 fxe4 21.Nxe4 d5 22.Ng5 dxc3 23.Qe2
Nd8 24.Qe1 h6 {#R} 0-1

[Event "It (open)"]
[Site "masterchessopen.com Krakow (Poland)"]
[Round "0"]
[White "Popek Tomasz (POL)"]
[Black "Miton Kamil (POL)"]
[Result "0-1"]
[WhiteElo "2193"]
[BlackElo "2401"]

1.e4 c5 2.Nc3 Nc6 3.g3 g6 4.Bg2 Bg7 5.d3 d6 6.Be3 e5 7.Qd2 Nge7 8.Bh6 O-O 9.h4
f6 10.Bxg7 Kxg7 11.Bh3 d5 12.h5 g5 13.Bxc8 Rxc8 14.g4 Qd7 15.f3 Nd4 16.Nce2
Rcd8 17.c3 Ne6 18.Qc2 c4 19.dxc4 dxe4 20.fxe4 Nc5 {#R} 0-1

[Event "It (open)"]
[Site "masterchessopen.com Le Touquet (France)"]
[Round "4"]
[White "Delorme Laurie (FRA)"]
[Black "Dupont Dany (FRA)"]
[Result "1-0"]
[WhiteElo "2223"]
[BlackElo "1922"]

1.e4 c5 2.Nc3 Nc6 3.g3 g6 4.Bg2 Bg7 5.d3 d6 6.Be3 e6 7.Nf3 Nge7 8.O-O O-O
9.Qd2 Rb8 10.Bh6 Bd7 11.Bxg7 Kxg7 12.d4 Qa5 13.Rfd1 Rfd8 14.d5 exd5 15.exd5
Nb4 16.Ne4 Qc7 17.Qc3+ Kg8 18.Nf6+ Kf8 19.Nxh7+ Kg8 20.Nf6+ Kf8 21.Ng5 Bf5
22.Ngh7+ Kg7 23.Ne8+ {#r} 1-0

[Event "Ch Netherlands (juniors) (under 20) (g)"]
[Site "masterchessopen.com Leiden (Netherlands)"]
[Round "7"]
[White "Groot Marjoke (NED)"]
[Black "Visschedijk Marijn (NED)"]
[Result "0-1"]
[WhiteElo "1940"]
[BlackElo "2016"]

1.e4 c5 2.Nc3 Nc6 3.g3 g6 4.Bg2 Bg7 5.d3 d6 6.Be3 Rb8 7.Nge2 b5 8.Qd2 b4 9.Nd1
e6 10.O-O Nge7 11.c3 bxc3 12.bxc3 Ba6 13.Re1 Ne5 14.Nc1 O-O 15.Bf1 Nf3+ {#R}
0-1

[Event "It (open)"]
[Site "masterchessopen.com Nachod (Czech Republic)"]
[Round "5"]
[White "Hejkrlik Filip (CZE)"]
[Black "Foglar Stanislav (CZE)"]
[Result "1-0"]
[WhiteElo "2003"]
[BlackElo "2026"]

1.e4 c5 2.Nc3 Nc6 3.g3 g6 4.Bg2 Bg7 5.d3 d6 6.Be3 e5 7.Qd2 Nd4 8.Nd1 Ne7 9.c3
Ne6 10.Bh6 Nc6 11.h4 Bd7 12.Bh3 O-O 13.h5 Nc7 14.Bxg7 Kxg7 15.hxg6 fxg6
16.Bxd7 Qxd7 17.Qh6+ Kg8 18.Nh3 Qg7 19.Ng5 Rac8 20.Ne3 b5 21.Ng4 Nd8 22.Qxg7+
Kxg7 23.Rxh7+ {#r} 1-0

[Event "Ch Germany (juniors) (under 12)"]
[Site "masterchessopen.com Oberhof (Germany)"]
[Round "3"]
[White "Schneider Andreas (GER)"]
[Black "Rachut Steffen (GER)"]
[Result "1-0"]
[WhiteElo "2101"]
[BlackElo "2140"]

1.e4 c5 2.Nc3 Nc6 3.g3 g6 4.d3 Bg7 5.Be3 d6 6.Bg2 Bd7 7.f4 e6 8.Nf3 Nge7 9.O-O
O-O 10.Qd2 a6 11.e5 dxe5 12.Nxe5 b6 13.d4 Rb8 14.dxc5 Nxe5 15.fxe5 bxc5
16.Bxc5 Rxb2 17.Rad1 Bxe5 18.Qxd7 {#r} 1-0

[Event "Ch Germany (juniors) (under 16)"]
[Site "masterchessopen.com Oberhof (Germany)"]
[Round "3"]
[White "Liebold Thomas (GER)"]
[Black "Tydecks Hermann (GER)"]
[Result "1-0"]
[WhiteElo "2160"]
[BlackElo "2197"]

1.Nc3 c5 2.e4 Nc6 3.g3 g6 4.Bg2 Bg7 5.d3 d6 6.Be3 e6 7.Qd2 Qa5 8.Nge2 Nd4
9.O-O Nxe2+ 10.Qxe2 Ne7 11.Nd1 O-O 12.c3 Bd7 13.Qd2 Rfe8 14.Bh6 Bh8 15.Ne3
Rad8 16.Rae1 Bc6 17.f4 f5 18.Bg5 Rc8 19.Bxe7 Rxe7 20.exf5 Bxg2 21.Qxg2 exf5
22.Qd5+ Kf8 23.Nxf5 Rxe1 24.Qxd6+ {#r} 1-0

[Event "Ch World (juniors) (under 12) (g)"]
[Site "masterchessopen.com Oropesa (Spain)"]
[Round "4"]
[White "Kharatyan Anahit (ARM)"]
[Black "Alcaraz Soriano Angela (ESP)"]
[Result "1-0"]
[WhiteElo "2075"]
[BlackElo "1948"]

1.e4 c5 2.Nc3 Nc6 3.g3 g6 4.Bg2 Bg7 5.d3 d6 6.Be3 Nf6 7.h3 Be6 8.Qd2 h5 9.Nge2
a6 10.O-O O-O 11.Bh6 Rc8 12.Bxg7 Kxg7 13.f4 Qd7 14.f5 b5 15.fxe6 Qxe6 16.Nd5
Ne8 17.Qc3+ Ne5 18.Nb6 Rc6 19.Nf4 Qf6 20.Nxh5+ {#r} 1-0

[Event "Ch World (juniors) (under 16) (g)"]
[Site "masterchessopen.com Oropesa (Spain)"]
[Round "11"]
[White "Coimbra Margarida (POR)"]
[Black "Gara Anita (HUN)"]
[Result "0-1"]
[WhiteElo "2066"]
[BlackElo "2260"]

1.e4 c5 2.Nc3 Nc6 3.g3 g6 4.Bg2 Bg7 5.d3 d6 6.Be3 Nd4 7.Qd2 Qa5 8.f4 Bd7 9.Nh3
Bxh3 10.Bxd4 cxd4 11.Nd5 Qxd2+ 12.Kxd2 Bxg2 13.Rhg1 Kd7 14.Rxg2 e6 {#R} 0-1

[Event "Ch World (juniors) (under 16) (g)"]
[Site "masterchessopen.com Oropesa (Spain)"]
[Round "2"]
[White "Coimbra Margarida (POR)"]
[Black "Gara Ticia (HUN)"]
[Result "0-1"]
[WhiteElo "2066"]
[BlackElo "2233"]

1.e4 c5 2.Nc3 Nc6 3.g3 g6 4.Bg2 Bg7 5.d3 d6 6.Be3 Nd4 7.Qd2 Qa5 8.Nge2 Nxe2
9.Kxe2 Rb8 10.Rhe1 b5 11.Kf1 e6 12.Kg1 Ne7 13.Bh6 O-O 14.Bxg7 Kxg7 15.d4 Nc6
16.dxc5 dxc5 17.e5 Nd4 18.Rac1 Bb7 19.Qf4 b4 20.Qf6+ Kg8 21.Nd1 b3 22.Ne3 bxa2
23.Ng4 Qd2 {#R} 0-1

[Event "It (open)"]
[Site "masterchessopen.com Paris (France)"]
[Round "7"]
[White "Delabre Tony (FRA)"]
[Black "Clarac Jean-Marie (FRA)"]
[Result "1-0"]
[WhiteElo "2067"]
[BlackElo "2156"]

1.e4 c5 2.Nc3 Nc6 3.g3 g6 4.Bg2 Bg7 5.d3 d6 6.Be3 Rb8 7.f4 b5 8.Qd2 h5 9.Nf3
b4 10.Nd1 Nd4 11.O-O e6 12.Qf2 Qb6 13.e5 Nxf3+ 14.Bxf3 d5 15.Bxc5 {#r} 1-0

[Event "It (open)"]
[Site "masterchessopen.com Passau (Germany)"]
[Round "2"]
[White "Haeusler Kurt"]
[Black "Zell Stefan"]
[Result "1-0"]
[WhiteElo "1945"]
[BlackElo "1699"]

1.e4 c5 2.Nc3 Nc6 3.g3 g6 4.Bg2 Bg7 5.d3 d6 6.Be3 Nf6 7.h3 O-O 8.Qd2 Re8
9.Nge2 a6 10.f4 e5 11.O-O Nd4 12.Rf2 Rf8 13.Raf1 Ne8 14.f5 f6 15.h4 b5 16.g4
Ra7 17.Ng3 Raf7 18.Nd5 Nc6 19.g5 {#r} 1-0

[Event "Ch Poland (team) (2nd liga)"]
[Site "masterchessopen.com Polanica Zdroj (Poland)"]
[Round "3"]
[White "Dawidow Jacek (POL)"]
[Black "Grossmann Ryszard (POL)"]
[Result "1-0"]
[WhiteElo "2343"]
[BlackElo "2185"]

1.e4 c5 2.Nc3 Nc6 3.g3 g6 4.Bg2 Bg7 5.d3 d6 6.Be3 e6 7.Qd2 Nd4 8.Nge2 Ne7
9.O-O O-O 10.Nc1 Bd7 11.Rb1 Rc8 12.Nd1 e5 13.f4 b5 14.c3 Ndc6 15.Ne2 a5 16.h3
b4 17.fxe5 Nxe5 18.b3 N5c6 19.c4 Nd4 20.Nxd4 cxd4 {#r} 1-0

[Event "Ch Poland (team) (2nd liga)"]
[Site "masterchessopen.com Polanica Zdroj (Poland)"]
[Round "8"]
[White "Szoen Dariusz (POL)"]
[Black "Blimke Dalia (POL)"]
[Result "0-1"]
[WhiteElo "2113"]
[BlackElo "2269"]

1.e4 c5 2.Nc3 Nc6 3.g3 g6 4.Bg2 Bg7 5.d3 d6 6.Be3 e5 7.Qd2 Be6 8.f4 Nge7 9.Nf3
O-O 10.O-O b6 11.Ng5 Bc8 12.f5 f6 13.Nd5 Nd4 14.c3 Nxd5 15.exd5 Nxf5 16.Ne6
Bxe6 17.dxe6 Rb8 18.Rxf5 gxf5 19.Bd5 Qe7 20.Qf2 f4 {#R} 0-1

[Event "Ch Pan-American (w)"]
[Site "masterchessopen.com San Felipe (Venezuela)"]
[Round "3"]
[White "Chang Suzana (BRA)"]
[Black "Duarte Tatiana (BRA)"]
[Result "0-1"]
[WhiteElo "2001"]
[BlackElo "2117"]

1.e4 c5 2.Nc3 g6 3.g3 Bg7 4.Bg2 Nc6 5.d3 d6 6.Be3 e6 7.Qd2 Rb8 8.a4 Nd4 9.Rb1
Ne7 10.Nd1 Bd7 11.b3 b5 12.c3 Ndc6 13.axb5 Rxb5 14.Bh6 O-O 15.h4 f6 16.Bxg7
Kxg7 17.Ne3 Qb8 18.Ng4 Rxb3 19.Rxb3 Qxb3 20.Nf3 e5 21.Qh6+ Kg8 22.Ng5 Qxc3+
23.Kf1 Qc1+ 24.Ke2 {#R} 0-1

[Event "It (open) \"]
[Site "masterchessopen.com Spain"]
[Round "5"]
[White "Prats Rodriquez Juan (ESP)"]
[Black "Prat Llables Joan (ESP)"]
[Result "0-1"]
[WhiteElo "2093"]
[BlackElo "2168"]

1.e4 c5 2.Nc3 Nc6 3.g3 g6 4.Bg2 Bg7 5.d3 d6 6.Be3 e6 7.Qd2 Nge7 8.Bh6 Bxh6
9.Qxh6 Nd4 10.O-O-O b5 11.Qg7 Rg8 12.Qxh7 Qa5 13.Kb1 b4 14.Nce2 Nb5 15.Nf3 Rb8
16.Ka1 Rb6 17.Rb1 Ra6 18.Nc1 Rf8 19.Qh6 Nc6 20.h4 b3 21.cxb3 Nb4 22.a4 Qxa4+
{#R} 0-1

[Event "Tournament (juniors) (under 18)"]
[Site "masterchessopen.com Svetla nad Sazavou (Czech Republic)"]
[Round "0"]
[White "Koubek Vaclav Sr (CZE)"]
[Black "Novak Frantisek (CZE)"]
[Result "1-0"]
[WhiteElo "2179"]
[BlackElo "1980"]

1.e4 c5 2.Nc3 Nc6 3.d3 d6 4.g3 g6 5.Bg2 Bg7 6.Be3 e6 7.Qd2 Nge7 8.Bh6 O-O 9.h4
Nd4 10.h5 Nxc2+ 11.Qxc2 Bxh6 12.hxg6 Bg7 13.gxh7+ Kh8 14.Nge2 Nc6 15.Qd2 Rb8
16.Nf4 Qa5 17.Nh5 Bd4 18.Rc1 b5 19.Qh6 Ba6 20.f4 Nb4 21.e5 Qd8 22.Qg7# 1-0

[Event "Ch Georgia (juniors) (under 16)"]
[Site "masterchessopen.com Tbilisi (Georgia)"]
[Round "0"]
[White "Mkheidze Nino (GEO)"]
[Black "Datuashvili Nona (GEO)"]
[Result "0-1"]
[WhiteElo "2121"]
[BlackElo "2141"]

1.e4 c5 2.Nc3 d6 3.g3 Nc6 4.Bg2 g6 5.d3 Bg7 6.Be3 e5 7.Qd2 Be6 8.Nge2 Nge7
9.O-O-O Qa5 10.Kb1 Nd4 11.f4 Nxe2 12.Nxe2 Qxa2+ 13.Kc1 Qa1# 0-1

[Event "Cup Infotozsde"]
[Site "masterchessopen.com Heves (Hungary)"]
[Date "1999.12.05"]
[Round "9"]
[White "Balogh Emese (HUN)"]
[Black "Forgo Janos (HUN)"]
[Result "0-1"]
[WhiteElo "2157"]
[BlackElo "2189"]

1.e4 c5 2.Nc3 Nc6 3.d3 d6 4.g3 g6 5.Be3 Bg7 6.Bg2 Nf6 7.h3 O-O 8.Qd2 Nd4 9.g4
e5 10.Nd1 Rb8 11.c3 Ne6 12.a4 b6 13.Ne2 d5 14.exd5 Nxd5 15.O-O Ba6 16.Bxd5
Qxd5 17.c4 Qf3 18.Ng3 Bb7 19.Ne4 f5 20.gxf5 gxf5 21.Kh2 Rbd8 {#R} 0-1

[Event "Ch Europe (juniors) (under 20) (g)"]
[Site "masterchessopen.com Aviles (Spain)"]
[Round "3"]
[White "David Gundula (GER)"]
[Black "Visschedijk Marijn (NED)"]
[Result "1-0"]
[WhiteElo "2091"]
[BlackElo "2016"]

1.e4 c5 2.Nc3 d6 3.g3 g6 4.Bg2 Bg7 5.d3 Nc6 6.Be3 Rb8 7.Qd2 b5 8.f4 e6 9.e5
Nd4 10.exd6 f5 11.Nd1 Qxd6 12.c3 Nc6 13.Qf2 Bb7 14.Bxc5 Qxd3 15.Nf3 Nf6 16.Ng5
e5 17.Ne3 Qd7 18.Rd1 Qc8 19.Bd6 Ra8 20.fxe5 Nh5 21.Nd5 Nxe5 22.Nc7+ {#r} 1-0

[Event "Ch Europe (juniors) (under 20) (g)"]
[Site "masterchessopen.com Aviles (Spain)"]
[Round "2"]
[White "Houska Jovanka (ENG)"]
[Black "Stojanovic Nadezda (SRB)"]
[Result "1-0"]
[WhiteElo "2279"]
[BlackElo "2146"]

1.e4 c5 2.Nc3 Nc6 3.g3 g6 4.Bg2 Bg7 5.d3 d6 6.Be3 b6 7.Nge2 Bb7 8.Qd2 Nd4
9.O-O Qd7 10.a4 f5 11.Rae1 fxe4 12.Bxd4 cxd4 13.Nxe4 e5 14.Nxd6+ Qxd6 15.Bxb7
Rb8 16.Ba6 Ne7 17.Bb5+ Kd8 18.c3 dxc3 19.Nxc3 Nf5 20.Ne4 Qe7 21.Qc3 Rc8 22.Qb3
Kc7 23.Ba6 Rcd8 24.a5 {#r} 1-0

[Event "It (open)"]
[Site "masterchessopen.com Bad Wiessee (Germany)"]
[Round "9"]
[White "Pitl Gregory (GER)"]
[Black "Schmied Johannes (GER)"]
[Result "1-0"]
[WhiteElo "2163"]
[BlackElo "2055"]

1.e4 c5 2.Nc3 Nc6 3.g3 g6 4.Bg2 Bg7 5.d3 d6 6.Be3 e6 7.Nge2 Nge7 8.O-O O-O
9.Qd2 f5 10.Bh6 Rb8 11.Rae1 Nd4 12.Bxg7 Kxg7 13.Nxd4 cxd4 14.Nb5 fxe4 15.dxe4
e5 16.Nxa7 Be6 17.Nb5 Qb6 18.Qb4 Rfd8 {#r} 1-0

[Event "Cup Russia (open)"]
[Site "masterchessopen.com Bor (Russia)"]
[Round "2"]
[White "Bryzgalin Kirill (RUS)"]
[Black "Kholodov Sergey (RUS)"]
[Result "1-0"]
[WhiteElo "2315"]
[BlackElo "2181"]

1.e4 c5 2.Nc3 Nc6 3.g3 g6 4.Bg2 Bg7 5.d3 d6 6.Be3 e5 7.Qd2 Nf6 8.h3 Be6 9.Nge2
Nd4 10.f4 Qc8 11.g4 h5 12.f5 hxg4 13.fxe6 gxh3 14.Rxh3 Qxe6 15.Rxh8+ Bxh8
16.O-O-O b5 17.Rh1 Nh5 18.Bh3 f5 19.Nd5 Qf7 20.Bxd4 exd4 21.Bxf5 gxf5 22.Qh6
{#r} 1-0

[Event "It (open)"]
[Site "masterchessopen.com Dresden (Germany)"]
[Round "9"]
[White "Hoffmann Paul (GER)"]
[Black "Muse Mladen (CRO)"]
[Result "0-1"]
[WhiteElo "2148"]
[BlackElo "2510"]

1.e4 c5 2.Nc3 g6 3.d3 Bg7 4.Be3 d6 5.g3 Nc6 6.Bg2 Rb8 7.f4 b5 8.Qd2 b4 9.Nd1
e6 10.Nf3 Nge7 11.O-O O-O 12.c3 Qa5 13.d4 bxc3 14.Qxc3 Qa4 15.e5 Nd5 16.Qc1
Nxe3 17.b3 Qa6 18.Qxe3 cxd4 19.Nxd4 Nxd4 20.Qxd4 dxe5 21.fxe5 Qa5 22.Qf2 Rxb3
23.Ne3 Rb4 24.Rac1 Ba6 {#R} 0-1

[Event "It (open) \"]
[Site "masterchessopen.com Eforie Nord (Romania)"]
[Round "0"]
[White "Slovineanu Viacheslav (MDA)"]
[Black "Badut Ana-Maria (ROM)"]
[Result "1-0"]
[WhiteElo "2402"]
[BlackElo "2031"]

1.e4 c5 2.Nc3 Nc6 3.g3 g6 4.d3 d6 5.Bg2 Bg7 6.Be3 e6 7.Qd2 Nge7 8.Bh6 O-O 9.h4
Nd4 10.Bxg7 Kxg7 11.h5 Ng8 12.f4 Nf6 13.hxg6 hxg6 14.Nf3 Rh8 15.O-O-O Ng4
16.Rxh8 Qxh8 17.Rh1 Qd8 18.Ng5 Nh6 19.Rxh6 f6 20.Rh7+ {#r} 1-0

[Event "Bundesliga (juniors) (North) West 2000/01"]
[Site "masterchessopen.com Germany"]
[Round "0"]
[White "Schneider Andreas (GER)"]
[Black "Fjodorow Peter (GER)"]
[Result "0-1"]
[WhiteElo "2091"]
[BlackElo "2192"]

1.e4 c5 2.Nc3 Nc6 3.g3 g6 4.Bg2 Bg7 5.d3 d6 6.Be3 e6 7.f4 Nge7 8.Nf3 b6 9.O-O
O-O 10.d4 d5 11.exd5 Nf5 12.Bf2 Ncxd4 13.dxe6 Bxe6 14.Nxd4 Nxd4 15.Bxa8 Qxa8
16.Be1 Bh3 17.Rf2 Re8 18.Bd2 Nxc2 19.Nb5 Nxa1 20.Bc3 Qe4 21.Rd2 Bxc3 22.Nxc3
Qe3+ {#R} 0-1

[Event "Bundesliga 1999/00 (w)"]
[Site "masterchessopen.com Germany"]
[Round "5"]
[White "Strehle Isabel (GER)"]
[Black "Muller Anne (FRA)"]
[Result "0-1"]
[WhiteElo "2117"]
[BlackElo "2135"]

1.e4 c5 2.Nc3 Nc6 3.g3 g6 4.Bg2 Bg7 5.d3 d6 6.Be3 Rb8 7.f4 e5 8.Nf3 exf4
9.gxf4 Nge7 10.Qd2 O-O 11.d4 b6 12.O-O-O Bg4 13.dxc5 bxc5 14.Na4 Nb4 15.Kb1
Qa5 16.b3 Qxa4 17.c3 Nxa2 {#R} 0-1

[Event "It (open) (juniors) (under 18) \"]
[Site "masterchessopen.com Germany"]
[Round "4"]
[White "Hoffmann Paul (GER)"]
[Black "Tesla Vladimir (SRB)"]
[Result "0-1"]
[WhiteElo "2148"]
[BlackElo "2234"]

1.e4 c5 2.Nc3 Nc6 3.g3 g6 4.Bg2 Bg7 5.d3 d6 6.Be3 e6 7.Qd2 Nd4 8.f4 Ne7 9.Nd1
O-O 10.c3 Ndc6 11.Nf3 b6 12.O-O Bb7 13.d4 cxd4 14.Nxd4 d5 15.exd5 Nxd5 16.Nxc6
Bxc6 17.Bd4 Ne7 18.Ne3 Bxd4 19.cxd4 Bxg2 20.Kxg2 Nd5 21.Ng4 Rc8 22.Ne5 Rc2
23.Rf2 {#R} 0-1

[Event "It (open)"]
[Site "masterchessopen.com Klatovy (Czech Republic)"]
[Round "0"]
[White "Vohnout Pavel (CZE)"]
[Black "Koutecky Vaclav (CZE)"]
[Result "0-1"]
[WhiteElo "2057"]
[BlackElo "2060"]

1.e4 c5 2.Nc3 Nc6 3.g3 g6 4.Bg2 Bg7 5.d3 d6 6.Be3 Nf6 7.h3 O-O 8.Nf3 a6 9.Qd2
b5 10.e5 b4 11.exf6 bxc3 12.bxc3 Bxf6 13.d4 Qa5 14.O-O Rb8 15.Ng5 cxd4 16.Bxc6
dxe3 17.Qxe3 Bxg5 {#R} 0-1

[Event "It (open)"]
[Site "masterchessopen.com Lisbon (Portugal)"]
[Round "1"]
[White "Coimbra Margarida (POR)"]
[Black "Galego Luis (POR)"]
[Result "0-1"]
[WhiteElo "2043"]
[BlackElo "2419"]

1.e4 c5 2.Nc3 Nc6 3.g3 d6 4.Bg2 g6 5.d3 Bg7 6.Be3 Rb8 7.Qd2 b5 8.Nge2 Nd4
9.O-O b4 10.Nd1 h5 11.h4 Nh6 12.f3 Bd7 13.Nf4 Qa5 14.c3 Nb3 15.axb3 Qxa1 16.c4
Qa2 17.Qc2 a5 {#R} 0-1

[Event "It (open)"]
[Site "masterchessopen.com Mallorca (Spain)"]
[Round "4"]
[White "Teran Alvarez Ismael (ESP)"]
[Black "Planells J"]
[Result "1-0"]
[WhiteElo "2347"]
[BlackElo "1895"]

1.Nc3 c5 2.e4 Nc6 3.g3 g6 4.Bg2 Bg7 5.d3 d6 6.Be3 b5 7.e5 Nxe5 8.Bxa8 Bg4
9.Bc6+ Kf8 10.f3 Qc8 11.Be4 {#r} 1-0

[Event "Ch World (juniors) (under 12) (g)"]
[Site "masterchessopen.com Oropesa (Spain)"]
[Round "7"]
[White "Hofmann Annett (GER)"]
[Black "Luong Huyen Ngoc (VIE)"]
[Result "0-1"]
[WhiteElo "1997"]
[BlackElo "1982"]

1.e4 c5 2.Nc3 d6 3.g3 Nc6 4.Bg2 g6 5.d3 Bg7 6.Be3 Nd4 7.Qd2 e6 8.f4 Ne7 9.Nf3
O-O 10.O-O Rb8 11.Rae1 Nec6 12.Nd1 b5 13.Nh4 b4 14.c3 bxc3 15.bxc3 Nb5 16.f5
Ne5 17.h3 Bf6 18.Nf3 exf5 19.Bh6 Re8 20.h4 Bg7 21.c4 Nd4 22.Nh2 Bxh6 23.Qxh6
{#R} 0-1